000 00461nam a2200193Ia 4500
005 20250423094617.0
008 250422s9999 xx 000 0 und d
020 _a1-59738-012-1
050 _aE185.615.P544
100 _aMarcus D. Pohlmann
245 0 _aBlack politics in concervative america
250 _aThird Edition
260 _aNew York
260 _bSloan Publishing
260 _c2008
300 _a380 p
650 _aHistory
942 _cBK
999 _c27762
_d27762